Banking and Financial Services/ (Record no. 204764)

MARC details
000 -LEADER
fixed length control field 00695nam a2200217 4500
005 - DATE AND TIME OF LATEST TRANSACTION
control field 20240802151430.0
010 ## - LCCN (DPL NO)
LC control number ENG-141157
020 ## - INTERNATIONAL STANDARD BOOK NUMBER
International Standard Book Number 9789395422864
Terms of availability 270.00
035 ## - SYSTEM CONTROL NUMBER
System control number EN-124689
037 ## - SOURCE OF ACQUISITION
Source of stock number/acquisition DBAD
082 ## - DEWEY DECIMAL CLASSIFICATION NUMBER
Classification number 332.1
Edition number 1
100 ## - MAIN ENTRY--PERSONAL NAME
Personal name Sooriapriya, B.
245 ## - TITLE STATEMENT
Title Banking and Financial Services/
Statement of responsibility, etc by B. Sooriapriya; J.Sri Keerthana [and] Vinitha Rajan
250 ## - EDITION STATEMENT
Edition statement 1
260 ## - PUBLICATION, DISTRIBUTION, ETC. (IMPRINT)
Place of publication, distribution, etc Madurai
Name of publisher, distributor, etc Shanlax Publications
Date of publication, distribution, etc 2023
270 ## - ADDRESS
Address 61,66 Vasantha Nagar
City Madurai
Postal code 625003
Electronic mail address shanlaxpublications@gmail.com
300 ## - PHYSICAL DESCRIPTION
Extent 160p.
Dimensions 22cm(Pbk)
700 ## - ADDED ENTRY--PERSONAL NAME
Personal name Keerthana, J.Sri
9 (RLIN) 69350
700 ## - ADDED ENTRY--PERSONAL NAME
Personal name Rajan, Vinitha
9 (RLIN) 69351
942 ## - ADDED ENTRY ELEMENTS (KOHA)
Source of classification or shelving scheme Dewey Decimal Classification
Item type English Books
Classification part 332.1
Call number suffix SOO
Edition 1
Holdings
Withdrawn status Lost status Not for loan Collection code Home library Current library Date acquired Source of acquisition Cost, normal purchase price Full call number Barcode Copy number Cost, replacement price Koha item type
      Non-fiction Central Library Central Library 02/08/2024 Delivery of Books Act Division 270.00 332.1 SOO EN-124689 1 270.00 English Books

© Delhi Public Library
Hit Counter
free hit counter